Statistics for Boston Celtics NBA Awards Winners

Click here to take the quiz!

General Stats

  • This quiz has been taken 99 times
  • The average score is 10 of 14

Answer Stats

Player % Correct
Bill Russell
100%
Larry Bird
100%
Kevin Garnett
95%
Paul Pierce
95%
Bob Cousy
91%
Kevin McHale
91%
John Havlicek
89%
Dave Cowens
76%
Jo Jo White
65%
Bill Walton
63%
Red Auerbach
60%
Cedric Maxwell
58%
Tom Heinsohn
48%
Bill Fitch
16%

Score Distribution

Percentile by Number Answered

Percent of People with Each Score

Your Score History

You have not taken this quiz